|
|
|
|
| LEADER |
01303aam a2200361 a 4500 |
| 001 |
000536006 |
| 003 |
AR-BeUNQ |
| 005 |
20250424114225.0 |
| 007 |
ta |
| 008 |
250416s1966 ag gr 01 0 spa d |
| 999 |
|
|
|c 35255
|d 119055
|
| 015 |
|
|
|a AR-1966
|
| 040 |
|
|
|a AR-BaBN
|b spa
|c AR-BaBN
|e aacr
|d AR-BeUNQ
|
| 043 |
|
|
|a cl-----
|
| 044 |
|
|
|a ag
|c ar-c
|
| 080 |
1 |
|
|a 32(8)
|2 2004
|
| 082 |
|
|
|a 320.98
|2 21
|
| 100 |
1 |
|
|a Gil, Federico G.,
|d 1915-2000
|
| 245 |
1 |
0 |
|a Instituciones y desarrollo político de América Latina /
|c Federico G. Gil.
|
| 260 |
|
|
|a Buenos Aires :
|b Instituto para la Integración de América Latina,
|c 1966.
|
| 300 |
|
|
|a 197 p. ;
|c 23 cm.
|
| 500 |
|
|
|a Con un estudio de Gustavo Lagos sobre "Factores externos e internos en la política latinoamericana".
|
| 504 |
|
|
|a Bibliografía: p. [181]-197.
|
| 650 |
|
7 |
|a Política
|2 spines
|
| 650 |
|
7 |
|a Doctrinas políticas
|2 spines
|
| 650 |
|
7 |
|a Gobierno
|2 spines
|
| 651 |
|
7 |
|a América Latina
|2 toit
|
| 653 |
|
|
|a Instituciones políticas
|
| 653 |
|
|
|a Historia política
|
| 700 |
1 |
2 |
|a Lagos, Gustavo.
|t Factores externos e internos en la política latinoamericana
|
| 740 |
|
|
|a Factores externos e internos en la política latinoamericana
|
| 929 |
|
|
|a DONACION
|b Claros Romero (hija)
|d 2000,00
|e 20160622
|g 3090
|h 1
|j 63093
|
| 942 |
|
|
|c LIB
|n 0
|